| 000 | 00436cam a2200169ua 4500 | ||
|---|---|---|---|
| 001 | 1554 | ||
| 008 | 110712n ii |||gr||||Z||||||eng | ||
| 040 | _cMAIN | ||
| 082 | _a330.01 | ||
| 100 | 1 |
_aGoswami, Nonigupal, _eAuthor. |
|
| 245 | 1 |
_aArthabigyanar tattva _cby Nonigopal Goswami |
|
| 260 |
_aGuahati: _bJyoti Prakashan,996. |
||
| 300 |
_a254p: _bill; _c23cm. |
||
| 653 | _aEconomics | ||
| 653 | _aPrinciples of economics | ||
| 942 | _cBK | ||
| 999 |
_c1441 _d1441 |
||